Evaluación de las estructuras desarenadoras de la Planta Hidroeléctrica Ventanas Garita
Uloženo v:
| Hlavní autor: | |
|---|---|
| Médium: | Kniha |
| Jazyk: | Spanish |
| Vydáno: |
[San José , Costa Rica]
2017
|
| Témata: | |
| Tagy: |
Přidat tag
Žádné tagy, Buďte první, kdo vytvoří štítek k tomuto záznamu!
|
MARC
| LEADER | 00000nam a22000007a 4500 | ||
|---|---|---|---|
| 003 | 012745 | ||
| 005 | 20221231144243.0 | ||
| 008 | 171013b2017 cr a|||| m||| 00| ||spa d | ||
| 040 | |c cru CEDI | ||
| 090 | |a TFG 7896 | ||
| 100 | |9 10124 |a Gómez Acuña, Julissa | ||
| 245 | |a Evaluación de las estructuras desarenadoras de la Planta Hidroeléctrica Ventanas Garita | ||
| 260 | |a [San José , Costa Rica] |c 2017 | ||
| 300 | |a xiv, 140[4]hojas; ilustraciones a color | ||
| 500 | |a Proyecto de graduación (licenciatura en ingeniería civil)--Universidad de Costa Rica. Facultad de Ingeniería. Escuela de Ingeniería Civil | ||
| 650 | |x PLANTA HIDROELECTRICA VENTANAS |x INSTITUTO COSTARRICENSE DE ELECTRICIDAD |9 10125 | ||
| 942 | |c TFG | ||
| 999 | |c 19116 |d 19116 | ||
